Capital social, asentamiento urbanos y comportamiento demográfico en América Latina /
Sobre la base de muestras probabilísticas de 12000 adultos de ocho países latinoamericanos, se estudian dos dimensiones del capital social - la participación comunitaria y la confianza en los vecinos - y su relación con la urbanización, la fecundidad, la emigración y la delincuencia. El propósito de...
Bewaard in:
| Hoofdauteur: | |
|---|---|
| Formaat: | Texto |
| Onderwerpen: | |
| Tags: |
Voeg label toe
Geen labels, Wees de eerste die dit record labelt!
|
MARC
| LEADER | 00000 a a2200000 04500 | ||
|---|---|---|---|
| 001 | 10361 | ||
| 003 | |||
| 040 | |||
| 100 | |a Rosero - Bixby, Luis | ||
| 245 | |a Capital social, asentamiento urbanos y comportamiento demográfico en América Latina / |c Luis Rosero - Bixby | ||
| 520 | |a Sobre la base de muestras probabilísticas de 12000 adultos de ocho países latinoamericanos, se estudian dos dimensiones del capital social - la participación comunitaria y la confianza en los vecinos - y su relación con la urbanización, la fecundidad, la emigración y la delincuencia. El propósito del análisis es la población urbana. De los datos se desprende que el capital social disminuye claramente con la urbanización, aunque la población urbana pobre presenta una participación comunitaria levemente mayor. Se observan claros gradientes de mayor delincuencia y menor capital social vinculados con la urbanización, mientras que las relaciones del capital social con la fecundidad y la emigración son menos claras, y se restringen a ciertas subpoblaciones. La población urbana pobre no muestra un compromiso demográfico significativo distinto del previsible dadas sus características constitutivas y espaciales | ||
| 650 | |a CAPITAL SOCIAL | ||
| 650 | |a ANALISIS DEMOGRAFICO | ||
| 650 | |a URBANIZACION | ||
| 650 | |a FECUNDIDAD | ||
| 650 | |a EMIGRACION | ||
| 650 | |a DELINCUENCIA | ||
| 650 | |a ANALISIS ESTADISTICO | ||
| 650 | |a ANALISIS COMPARATIVO | ||
| 650 | |a AMERICA LATINA | ||
| 773 | |g volumen 32, número 81; páginas 73-98 | ||
| 999 | |c 23346 |d 23346 | ||
